Estadísticas para Dictadores #3

Haz click aquí para tomar la prueba!

Estadísticas generales

  • Esta prueba ha sido tomada 112 veces
    (106 desde el último reinicio)
  • La puntuación promedio es 12 de 22

Estadísticas de respuestas

DictadorPaís% Correcto
Francisco FrancoEspaña
99%
Kim Jong-UnCorea del Norte
89%
HirohitoJapón
87%
Nicolas IIRusia
85%
CalígulaRoma
82%
Jorge Rafael VidelaArgentina
79%
Vladímir LeninUnión Soviética
75%
Ho Chí MinhVietnam del Norte
71%
Leopoldo IIBélgica/Congo
62%
Ion AntonescuRumania
62%
Jean-Claude DuvalierHaití
53%
Alfredo StroessnerParaguay
51%
Anastasio Somoza GarcíaNicaragua
51%
FaruqEgipto
40%
Juan María BordaberryUruguay
39%
Ante PavelicCroacia
33%
U Ne WinMyanmar
31%
Islom KarimovUzbekistán
28%
Mengitsu Haile MariamEtiopía
28%
Omar Al-BashirSudán
23%
Siaka StevensSierra Leona
14%
Juvénal HabyarimanaRuanda
14%

Distribución de puntuación

Porcentaje por número respondido

Porcentaje de gente con cada puntuación

Historial de tus puntuaciones

No has tomado esta prueba desde el último reinicio